LDR 00499naa#a2200145#i#450# 001 EN\\bibl\120788 005 20260418113651.6 011 ## _a2409-1073 100 ## _a20240620b2024####ek#y0engy0150####ca 102 ## _aRU 200 1# _aResults of the round table of the Institute of LPO “Current issues of modern linguistics” April 8, 2024 _eJournal article 210 1# _aMoscow _cNational Research University of Electronic Technology _d2024 215 ## _a0 с. 608 ## _aJournal article _2local 856 4# _aesgi-journal.ru _u